Statistics for US States With Two Words

Click here to take the quiz!

General Stats

  • This quiz has been taken 48 times
  • The average score is 9 of 10

Answer Stats

US State% Correct
New Mexico
96%
New York
96%
North Carolina
96%
North Dakota
96%
South Carolina
96%
South Dakota
96%
New Jersey
94%
West Virginia
94%
New Hampshire
91%
Rhode Island
91%

Score Distribution

Percentile by Number Answered

Percent of People with Each Score

Your Score History

You have not taken this quiz